00601 2200217 4500001002100000005001700021008004100038035002400079082001400103090002100117100002000138245005600158260004400214300002300258500001100281650004200292850001500334980001300349985000600362999001500368YOGYA-0209000003352120090227024805.0 ind  0010-020900000033521 a973.91704 a973.91704bHoo A aHOOVER, Herbert aAddresses upon the American roadcby Herbert Hoover aNew YorkbD. Van Nostrand Companyc1946 axi, 442 hlmc22 cm aIndeks aPidato Presiden Amerika serikat ke-30 aYOPDYOG(B) a5-9-2006 a1 aa000020820